Development and african philosophy: a theoretical reconstruction of African Socio-political economy/ (Record no. 976)
| 000 -LEADER | |
|---|---|
| fixed length control field | 00802nam a22002177a 4500 |
| 003 - CONTROL NUMBER IDENTIFIER | |
| control field | OSt |
| 005 - DATE AND TIME OF LATEST TRANSACTION | |
| control field | 20140116120842.0 |
| 008 - FIXED-LENGTH DATA ELEMENTS--GENERAL INFORMATION | |
| fixed length control field | 120717t xxu||||| |||| 00| 0 eng d |
| 020 ## - INTERNATIONAL STANDARD BOOK NUMBER | |
| International Standard Book Number | 9780595329496 |
| 040 ## - CATALOGING SOURCE | |
| Original cataloging agency | Loc |
| Language of cataloging | English |
| 050 ## - LIBRARY OF CONGRESS CALL NUMBER | |
| Classification number | B5305.N56 2004 |
| 100 ## - MAIN ENTRY--PERSONAL NAME | |
| Personal name | Njoku, Francis O. C. |
| 245 ## - TITLE STATEMENT | |
| Title | Development and african philosophy: a theoretical reconstruction of African Socio-political economy/ |
| Statement of responsibility, etc | Francis O. C. Njoku . |
| 260 ## - PUBLICATION, DISTRIBUTION, ETC. (IMPRINT) | |
| Place of publication, distribution, etc | New York : |
| Name of publisher, distributor, etc | iUniverse, Inc , |
| Date of publication, distribution, etc | 2004. |
| 300 ## - PHYSICAL DESCRIPTION | |
| Extent | xix, 209p. |
| 504 ## - BIBLIOGRAPHY, ETC. NOTE | |
| Bibliography, etc | Includes bibliographical references. |
| 505 ## - FORMATTED CONTENTS NOTE | |
| Formatted contents note | Economic and human development in perspective--Development and philosophical considerations--Towards a philosophical right |
| 650 ## - SUBJECT ADDED ENTRY--TOPICAL TERM | |
| Topical term or geographic name as entry element | Philosophy |
| Geographic subdivision | Africa |
| 650 ## - SUBJECT ADDED ENTRY--TOPICAL TERM | |
| Topical term or geographic name as entry element | Economics and development |
| Geographic subdivision | Africa |
| 942 ## - ADDED ENTRY ELEMENTS (KOHA) | |
| Source of classification or shelving scheme | |
| Koha item type | Book |
| Withdrawn status | Lost status | Source of classification or shelving scheme | Damaged status | Not for loan | Home library | Current library | Date acquired | Total Checkouts | Total Renewals | Full call number | Barcode | Date last seen | Date checked out | Copy number | Price effective from | Koha item type | Checked out |
|---|---|---|---|---|---|---|---|---|---|---|---|---|---|---|---|---|---|
| Riara University Library | Riara University Library | 17/07/2012 | 9 | 2 | B5305.N56 2004 | 3376/12 | 16/05/2017 | 13/12/2016 | C.1 | 17/07/2012 | Book | ||||||
| Riara University Library | Riara University Library | 17/07/2012 | 12 | B5305.N56 2004 | 3374/12 | 15/01/2025 | 15/01/2025 | C.2 | 17/07/2012 | Book | 08/02/2025 | ||||||
| Riara University Library | Riara University Library | 17/07/2012 | 8 | 1 | B5305.N56 2004 | 3375/12 | 15/01/2015 | 15/01/2015 | C.3 | 17/07/2012 | Book | 09/02/2015 |
